Physical, chemical and biological sciences:Emerging trends and milestones in 2020/ (Record no. 179787)
[ view plain ]
| 000 -LEADER | |
|---|---|
| fixed length control field | 00742nam a22002057a 4500 |
| 005 - DATE AND TIME OF LATEST TRANSACTION | |
| control field | 20210708145259.0 |
| 010 ## - LCCN (DPL NO) | |
| LC control number | ENG-129529 |
| 020 ## - INTERNATIONAL STANDARD BOOK NUMBER | |
| Terms of availability | 500.00 |
| International Standard Book Number | 978-81-942052-9-6 |
| 035 ## - SYSTEM CONTROL NUMBER | |
| System control number | EN-113061 |
| 037 ## - SOURCE OF ACQUISITION | |
| Source of stock number/acquisition | DBAD/PUB |
| 082 ## - DEWEY DECIMAL CLASSIFICATION NUMBER | |
| Classification number | 500 |
| 245 ## - TITLE STATEMENT | |
| Title | Physical, chemical and biological sciences:Emerging trends and milestones in 2020/ |
| Statement of responsibility, etc | Edited by K. Muthuchelian et...all |
| 260 ## - PUBLICATION, DISTRIBUTION, ETC. (IMPRINT) | |
| Place of publication, distribution, etc | Virudhunagar |
| Name of publisher, distributor, etc | Virudhunagar hindu nadars senthikumara nadar college |
| Date of publication, distribution, etc | 2021 |
| 270 ## - ADDRESS | |
| City | Virudhunagar |
| Address | 3/151-1, college road , Virudhunagar |
| Telephone number | 04562280154 |
| 300 ## - PHYSICAL DESCRIPTION | |
| Extent | 255p; |
| Dimensions | 25cm(pbk) |
| 700 ## - ADDED ENTRY--PERSONAL NAME | |
| Personal name | N. Jayakurnaran(Editor) |
| 700 ## - ADDED ENTRY--PERSONAL NAME | |
| Personal name | P. Sundara Pandian (Editor) |
| 700 ## - ADDED ENTRY--PERSONAL NAME | |
| Personal name | J. Pandiarajan(Editor) |
| 942 ## - ADDED ENTRY ELEMENTS (KOHA) | |
| Source of classification or shelving scheme | Dewey Decimal Classification |
| Item type | English Books |
| Classification part | 500 |
| Call number suffix | PHY |
| Withdrawn status | Lost status | Not for loan | Collection code | Home library | Current library | Date acquired | Source of acquisition | Cost, normal purchase price | Full call number | Barcode | Copy number | Cost, replacement price | Koha item type |
|---|---|---|---|---|---|---|---|---|---|---|---|---|---|
| Non-fiction | Central Library | Central Library | 08/07/2021 | DBAD/PUB | 500.00 | 500 PHY | EN-113061 | 1 | 500.00 | English Books |
